| 000 -ლიდერი |
| ფიქსირებული სიგრძის საკონტროლო ველი |
01463nam a22002297a 4500 |
| 003 - საკონტროლო ნომრის იდენტიფიკატორი |
| საკონტროლო ველი |
Ge_BSU |
| 005 - ბოლო ოპერაციის თარიღი და დრო |
| საკონტროლო ველი |
20221111114152.0 |
| 008 - ფიქსირებული სიგრძის მონაცემთა ელემენტები - ზოგადი ინფორმაცია |
| ფიქსირებული სიგრძის საკონტროლო ველი |
221111s2022ge xxu||||| |||| 00| 0 geo d |
| 020 ## - წიგნის საერთაშორისო სტანდარტული ნომერი |
| International Standard Book Number |
9789941183850 |
| 041 ## - ენის კოდი |
| Language code of text/sound track or separate title |
geo |
| 080 ## - უნივერსალური ათობითი კლასიფიკაციის ინდექსი |
| Universal Decimal Classification number |
327(55) ს-26 |
| 100 ## - მთავარი ჩანაწერი - პიროვნების სახელი |
| Personal name |
სანიკიძე, გიორგი. |
| 9 (RLIN) |
3936 |
| 245 ## - ცნობა სათაურის შესახებ |
| Title |
ირანი და სამხრეთ კავკასიის ქვეყნები : განსხვავებული რეალობები, განსხვავებული შესაძლებლობები = |
| Remainder of title |
Iran and the South Caucasian Countries : Different Realities, Different Opportunities / |
| Statement of responsibility, etc |
გიორგი სანიკიძე ; რედ. ნიკოლოზ ნახუცრიშვილი. |
| 264 ## - წარმოების, გამოცემის, დისტრიბუციის და სხვა ცნობები |
| გამოცემის, წარმოების, დისტრიბუციის... ადგილი |
თბილისი : |
| გამოცემის, წარმოების, დისტრიბუციის... სახელწოდება |
ილიას სახელმწ. უნივერსიტეტის გამომცემლობა, |
| გამოცემის, წარმოების, დისტრიბუციის... თარიღი |
2022. |
| 300 ## - ფიზიკური აღწერა |
| Extent |
308 გვ. ; |
| Other physical details |
25 სმ. |
| 504 ## - BIBLIOGRAPHY, ETC. NOTE |
| Bibliography, etc |
ბიბლიოგრაფია ტექსტის შენიშვნებში და გვ. 272-308. |
| 520 ## - SUMMARY, ETC. |
| Summary, etc |
რეზიუმე ინგლისურ ენაზე |
| 653 ## - INDEX TERM--UNCONTROLLED |
| Uncontrolled term |
ირანის საგარეო პოლიტიკა. |
| 700 ## - ADDED ENTRY--PERSONAL NAME |
| Personal name |
ნახუცრიშვილი, ნიკოლოზ |
| Relator term |
რედაქტორი |
| 9 (RLIN) |
3951 |
| 773 ## - HOST ITEM ENTRY |
| Title |
ნაჩუქარი |
| 942 ## - ADDED ENTRY ELEMENTS (KOHA) |
| Source of classification or shelving scheme |
|
| Koha item type |
წიგნი |